U.S. States with the most Asians - Statistics

General Stats
  • This quiz has been taken 29 times
  • The average score is 9 of 10
Answer Stats
Hint Answer Population Total % Correct
1 California 7,164,760
100%
2 New York 2,055,180
100%
7 Florida 888,262
96%
3 Texas 2,002,880
96%
6 Illinois 902,899
89%
4 New Jersey 1,065,710
89%
10 Massachusetts 603,853
85%
5 Washington 1,000,880
85%
8 Hawaii 823,999
81%
9 Virginia 755,492
81%
No matching quizzes found
Score Distribution
Percent of People with Each Score
Percentile by Number Answered
Your Score History
You have not taken this quiz